UBT Library

P.O.W.E.R learning : (Record no. 41467)

000 -LEADER
fixed length control field 01022cam a2200277 a 4500
001 - CONTROL NUMBER
control field 15072890
005 - DATE AND TIME OF LATEST TRANSACTION
control field 20180201035447.0
008 - FIXED-LENGTH DATA ELEMENTS--GENERAL INFORMATION
fixed length control field 071106s2009 maua b 001 0 eng
010 ## - LIBRARY OF CONGRESS CONTROL NUMBER
LC control number 2007045986
020 ## - INTERNATIONAL STANDARD BOOK NUMBER
International Standard Book Number 9780073522432 (student edition : alk. paper)
020 ## - INTERNATIONAL STANDARD BOOK NUMBER
International Standard Book Number 0073522430 (student edition : alk. paper)
020 ## - INTERNATIONAL STANDARD BOOK NUMBER
International Standard Book Number 9780073330426 (annotated instructor's edition : alk. paper)
020 ## - INTERNATIONAL STANDARD BOOK NUMBER
International Standard Book Number 0073330426 (annotated instructor's edition : alk. paper)
040 ## - CATALOGING SOURCE
Original cataloging agency DLC
Transcribing agency DLC
Modifying agency DLC
041 ## - LANGUAGE CODE
Language code of text/sound track or separate title eng
080 ## - UNIVERSAL DECIMAL CLASSIFICATION NUMBER
Universal Decimal Classification number 378.198 ROB
082 00 - DEWEY DECIMAL CLASSIFICATION NUMBER
Classification number 378.198 ROB
Edition number 22
100 ## - Rafti
Rafti 45
101 ## - Shkurtesa
Shkurtesa EDU
245 00 - TITLE STATEMENT
Title P.O.W.E.R learning :
Statement of responsibility, etc Robert S. Feldman.
246 3# - VARYING FORM OF TITLE
Title proper/short title POWER learning
504 ## - BIBLIOGRAPHY, ETC. NOTE
Bibliography, etc Includes bibliographical references and index.
906 ## - LOCAL DATA ELEMENT F, LDF (RLIN)
a 7
b cbc
c orignew
d 1
e ecip
f 20
g y-gencatlg
942 ## - ADDED ENTRY ELEMENTS (KOHA)
Source of classification or shelving scheme
Item type Books
Holdings
Withdrawn status Lost status Source of classification or shelving scheme Damaged status Not for loan Collection code Permanent location Current location Shelving location Date acquired Total Checkouts Full call number Barcode Date last seen Price effective from Koha item type
          Koleksioni i përgjithshem UBT - Lipjan UBT - Lipjan Koleksioni i përgjithshem 02/01/2018   378.198 ROB 002-2997788 02/01/2018 02/01/2018 Books
UBT Library © 2015-2024. All rights reserved University Education for Business and Technology